| 000 | 01216cab a2200193 4500 | ||
|---|---|---|---|
| 001 | ##L133109 | ||
| 008 | 060411n2006 000 0 eng u | ||
| 035 | _a(Sirsi) u133109 | ||
| 041 | 0 | _aeng | |
| 245 | 0 | 0 |
_aError of law _bthe grant of permission to appeal |
| 260 | _c2006 | ||
| 490 | 0 |
_aArbitration Law Monthly _vMarch 2006, 8-9(2) |
|
| 520 | _aThe Arbitration Act 1996 s69 contains a restrictive procedure for the hearing of appeals against awards based on error of law. Although the criteria for the grant of permission to appeal are slightly wider than was the case under the Arbitration Act 1979, those criteria are strictly applied with the courts exercising vigilance to ensure that applications under s69 are not merely attempts by a party dissatisfied with an award to have the dispute reheard. In "Surefire Systems Ltd v Guardian ECL Ltd" ([2005] EWHC 1860, TCC, unreported) the court expressed its disapproval of the applicant's conduct in such a case. | ||
| 590 | _aIKA110406 | ||
| 650 | 2 | 4 | _aSUREFIRE SYSTEMS LTD V GUARDIAN ECL LTD |
| 650 | 2 | 4 | _aARBITRATION ACT 1996 |
| 690 | _aMANAGEMENT-DISPUTE AVOIDANCE, MANAGEMENT AND RESOLUTION-DISPUTE MANAGEMENT AND RESOLUTION-ARBITRATION | ||
| 942 | _n0 | ||
| 999 |
_c76807 _d76807 |
||